000 nam a22 7a 4500
999 _c10115
_d10115
008 180212b ||||| |||| 00| 0 eng d
100 _aMohan, R
_96133
245 _aMathville maths class -V
260 _aNew delhi
_bArya publication
_c2013